Estatísticas para Quiz do Sistema Solar

Clique aqui para jogar o quiz

Estatísticas Gerais

  • Esse quiz foi jogado 2,128 vezes
  • A pontuação média é 12 de 24

Estatísticas das Respostas

Massa O que é? Nome % Correto
5.97 x 1024 kgTerra
98%
6.42 x 1023 kgMarte
97%
5.68 x 1026 kgSaturno
96%
1.99 x 1030 kgSol
95%
4.87 x 1024 kgVênus
94%
1.90 x 1027 kgJúpiter
93%
1.02 x 1026 kgNetuno
93%
8.68 x 1025 kgUrano
93%
1.31 x 1022 kgPlaneta AnãoPlutão
91%
3.30 x 1023 kgMercúrio
90%
7.35 x 1022 kgLua
89%
4.80 x 1022 kgSatélite Natural de JúpiterEuropa
39%
8.93 x 1022 kgSatélite Natural de JúpiterIo
27%
1.35 x 1023 kgSatélite Natural de SaturnoTitã
27%
1.48 x 1023 kgSatélite Natural de JúpiterGanímedes
22%
1.08 x 1023 kgSatélite Natural de JúpiterCalisto
20%
1.67 x 1022 kgPlaneta AnãoÉris
15%
2.15 x 1022 kgSatélite Natural de NetunoTritão
14%
3 x 1021 kgPlaneta AnãoMakemake
11%
2.32 x 1021 kgSatélite Natural de SaturnoReia
10%
3.53 x 1021 kgSatélite Natural de UranoTitânia
9%
3.01 x 1021 kgSatélite Natural de UranoOberon
9%
1.97 x 1021 kgSatélite Natural de SaturnoJápeto
9%
4.00 x 1021 kgPlaneta AnãoHaumea
8%

Distribuição das Pontuações

Percentil de Números Respondidos

Porcentagem de Pessoas com Cada Pontuação

Sua Pontuação Histórica

Você não jogou esse quiz